Maths - Squares of 2 Digit Numbers - In order - Statistics

General Stats
  • This quiz has been taken 57 times
  • The average score is 21 of 81
Answer Stats
x % Correct
12 144
100%
11 121
96%
13 169
89%
14 196
89%
15 225
86%
16 256
82%
17 289
79%
19 361
71%
18 324
68%
21 441
68%
22 484
68%
25 625
64%
23 529
61%
24 576
54%
26 676
43%
27 729
43%
31 961
43%
28 784
39%
29 841
39%
32 1024
36%
33 1089
32%
41 1681
29%
45 2025
25%
51 2601
25%
34 1156
21%
35 1225
21%
36 1296
21%
37 1369
21%
38 1444
21%
39 1521
21%
44 1936
21%
42 1764
18%
43 1849
18%
46 2116
18%
52 2704
18%
53 2809
18%
47 2209
14%
48 2304
14%
49 2401
14%
54 2916
14%
55 3025
14%
61 3721
14%
64 4096
14%
99 9801
14%
56 3136
11%
57 3249
11%
58 3364
11%
59 3481
11%
62 3844
11%
63 3969
11%
66 4356
11%
71 5041
11%
77 5929
11%
81 6561
11%
65 4225
7%
67 4489
7%
68 4624
7%
69 4761
7%
72 5184
7%
73 5329
7%
74 5476
7%
75 5625
7%
76 5776
7%
78 6084
7%
79 6241
7%
82 6724
7%
83 6889
7%
84 7056
7%
85 7225
7%
88 7744
7%
91 8281
7%
97 9409
7%
98 9604
7%
86 7396
4%
87 7569
4%
89 7921
4%
92 8464
4%
93 8649
4%
94 8836
4%
95 9025
4%
96 9216
4%
No matching quizzes found
Score Distribution
Percent of People with Each Score
Percentile by Number Answered
Your Score History
You have not taken this quiz